000 00518nam a2200181Ia 4500
008 170705s9999 xx 000 0 und d
020 _a9780439581431
245 _aMy brother Martin :
245 _ba sister remembers growing up with the Rev. Dr. Martin Luther King Jr. /
245 _cChristine King Farris ; illustrated by Chris Soentpiet.
260 _aNew York :
260 _bScholastic,
260 _c2003
300 _aunpaged :
300 _bcolor illustration ;
300 _c23cm.
500 _a970
999 _c336576
_d336576